Les 11 de départ de la France et de la Croatie lors de la finale de la Coupe du Monde 2018 - Statistiques

Statistiques générales
  • Ce quiz a été pris 474 fois
  • Le résultat moyen est 18 sur 24
Statistiques - réponses
Équipe / Poste Joueur % Correct
G / France Hugo Lloris
100%
DC / France Raphaël Varane
99%
DD / France Benjamin Pavard
98%
MD / France Kylian Mbappé
98%
BU / France Olivier Giroud
98%
MC / France Paul Pogba
98%
MC / France N'Golo Kanté
97%
MOC / France Antoine Griezmann
96%
Sélectionneur / France Didier Deschamps
96%
DG / France Lucas Hernandez
95%
MC / Croatie Luka Modrić
95%
DC / France Samuel Umtiti
95%
MG / France Blaise Matuidi
88%
AG / Croatie Ivan Perišić
82%
BU / Croatie Mario Mandžukić
82%
G / Croatie Danijel Subašić
76%
MC / Croatie Ivan Rakitić
76%
DC / Croatie Domagoj Vida
65%
DC / Croatie Dejan Lovren
53%
MDC / Croatie Marcelo Brozović
45%
AD / Croatie Ante Rebić
36%
DD / Croatie Šime Vrsaljko
32%
DG / Croatie Ivan Strinić
19%
Sélectionneur / Croatie Zlatko Dalić
18%
Aucun quiz correspondant
Distribution des résultats
% des personnes avec chaque résultat
Percentile par nombre de réponses
Votre historique - résultats
Vous n’avez pas pris ce quiz